Catálogo público

Memoria : (Record no. 204278)

MARC details
000 -CABECERA
campo de control de longitud fija 00971nam a2200289Ia 4500
001 - NÚMERO DE CONTROL
campo de control Para_5783
003 - IDENTIFICADOR DEL NÚMERO DE CONTROL
campo de control CHAP
008 - DATOS DE LONGITUD FIJA--INFORMACIÓN GENERAL
campo de control de longitud fija 220125s1987 xx 000 0 und d
010 ## - NÚMERO DE CONTROL DE LA BIBLIOTECA DEL CONGRESO
Número de control de LC 204278
040 ## - FUENTE DE LA CATALOGACIÓN
Centro/agencia transcriptor CHAP
082 ## - NÚMERO DE LA CLASIFICACIÓN DECIMAL DEWEY
Número de clasificación PA 338.76363 S4 1987
111 ## - ENTRADA PRINCIPAL--NOMBRE DE CONGRESO/REUNIÓN
Nombre de congreso/reunión o jurisdicción como elemento de entrada Seminario Nacional sobre la Agroindustria en México (1: 1987: Chapingo, Méx.)
9 (RLIN) 104225
245 ## - MENCIÓN DE TÍTULO
Título Memoria :
Resto del título trabajos presentados /
Mención de responsabilidad, etc. por UACh. Programa Integración Agricultura-Industria
260 ## - PUBLICACIÓN, DISTRIBUCIÓN, ETC.
Lugar de publicación, distribución, etc. Chapingo, Méx. :
Nombre del editor, distribuidor, etc. La Universidad
300 ## - DESCRIPCIÓN FÍSICA
Extensión 2v.
500 ## - NOTA GENERAL
Nota general Programa Integración Agricultura- Industria
650 ## - PUNTO DE ACCESO ADICIONAL DE MATERIA--TÉRMINO DE MATERIA
Término de materia o nombre geográfico como elemento de entrada Industrias Agrícolas
Subdivisión general Congresos
9 (RLIN) 57939
710 ## - PUNTO DE ACCESO ADICIONAL--NOMBRE DE ENTIDAD CORPORATIVA
Nombre de entidad corporativa o nombre de jurisdicción como elemento de entrada La agroindustria en México
9 (RLIN) 170230
710 ## - PUNTO DE ACCESO ADICIONAL--NOMBRE DE ENTIDAD CORPORATIVA
Nombre de entidad corporativa o nombre de jurisdicción como elemento de entrada UACh. Programa Integración Agricultura
Número Internacional Normalizado para Publicaciones Seriadas Industria
9 (RLIN) 170231
901 ## - ELEMENTOS DE DATOS A LOCAL LDA (RLIN)
a PA 338.76363 S4 1987
902 ## - ELEMENTOS DE DATOS B LOCAL, LDB (RLIN)
a A
905 ## - ELEMENTOS DE DATOS E LOCAL, LDE (RLIN)
a 0000001987 0000000000 00
910 ## - DATOS DE OPCIÓN DEL USUARIO (OCLC)
Datos de opción del usuario 1987
942 ## - ELEMENTOS DE PUNTO DE ACCESO ADICIONAL (KOHA)
Tipo de ítem Koha Parasitologia_
942 ## - ELEMENTOS DE PUNTO DE ACCESO ADICIONAL (KOHA)
Tipo de ítem Koha Parasitologia_
-- 1
Holdings
Estado de retiro Estado de pérdida Fuente del sistema de clasificación o colocación Estado dañado Restricciones de uso No para préstamo Código de colección Localización permanente Ubicación/localización actual Fecha de adquisición Información codificada de la localización en otra ubicación Número de inventario Total de préstamos Signatura topográfica completa Código de barras Fecha visto por última vez Número de copia Precio válido a partir de Tipo de ítem Koha Nota pública
    Dewey Decimal Classification   Préstamo 3 días   General Parasitologia Agricola Parasitologia Agricola 27/10/2005 PARA (PA_3331) (No. UACh C/E)   PA 338.76363 S4 1987 V.2 4102000082 25/01/2022 Ej.1 25/01/2022 Libro 3
    Dewey Decimal Classification   Préstamo 3 días   General Parasitologia Agricola Parasitologia Agricola 27/10/2005 PARA (PA_3330) (No. UACh C/E)   PA 338.76363 S4 1987 V.1 4102000081 25/01/2022 Ej.1 25/01/2022 Libro 3